000 00281nam a2200121Ia 4500
100 _aSalerni Joe
942 _cBK
654 _aClients / server database
245 _aGuide to Clients / Server Database
260 _bBPB Pub
_aNew Delhi
_c1994
546 _aENGLISH
999 _c33480
_d33480